00334nam a2200121 a 450000500170000000800410001702000150005805000180007310000330009124500340012426000470015830000070020520140414173342.0110715s19uu xx 00 eng d a9719217766 aFILbK58 2000 aOrdinario-Floresta, Mary Ann aKingdom with no stories(The). aManila Philippines :bAdarna House,c2007. a32